South Korea or South Africa - Statistics

General Stats
  • This quiz has been taken 35 times
  • The average score is 9 of 10
Answer Stats
Question Answer % Correct
There are 3 capital cities South Africa
100%
Has more neighboring countries South Africa
100%
Nearer to Thailand South Korea
100%
Has larger area South Africa
89%
Where is BTS originally from? South Korea
89%
Where is the highest bungee jump bridge located South Africa
78%
Has higher GDP South Korea
78%
Babies in this country are considered to already be a year old when they are born. South Korea
78%
More powerful passport country South Korea
78%
Drive on the right side of roads country South Korea
67%
No matching quizzes found
Score Distribution
Percent of People with Each Score
Percentile by Number Answered
Your Score History
You have not taken this quiz